000 00606cam a2200217 4500500
005 20260405003225.0
041 _afre
042 _adc
100 1 0 _aOrtoli, Sven
_eauthor
245 0 0 _aBatteries et grosses caisses
260 _c2021.
500 _a2
690 _aAutonomie
690 _aChine
690 _aÉlectricité
690 _aÉnergie
690 _apollution
690 _aVoiture
786 0 _nPhilosophie magazine | 146 | 2 | 2021-02-01 | p. 21-22 | 1951-1787
856 4 1 _uhttps://shs.cairn.info/magazine-philosophie-magazine-2021-2-page-21?lang=fr&redirect-ssocas=7080
999 _c2065500
_d2065500